000
00175nam a2200073Ia 4500
008
170524s9999 xx 000 0 und d
100
_a
HISRICH- D ROBERT
245
0
_a
ENTERPRENERSHIP
260
_b
PHI NEW DELHI
999
_c
8186
_d
8186